Cuatro pasos hacia el arte moderno: Giorgione, Caravaggio, Manet, Cézanne
Furkejuvvon:
| Váldodahkki: | |
|---|---|
| Materiálatiipa: | Girji |
| Giella: | espánnjágiella |
| Almmustuhtton: |
Buenos Aires
Nueva Vision
1960
|
| Ráidu: | Colección Estética, 13
|
| Fáttát: | |
| Fáddágilkorat: |
Lasit fáddágilkoriid
Eai fáddágilkorat, Lasit vuosttaš fáddágilkora!
|
MARC
| LEADER | 00000cam a2200000 a 4500 | ||
|---|---|---|---|
| 001 | UCT3668 | ||
| 003 | CL-VaPUC | ||
| 008 | 961024e19600000AG |||||||||||||||||spa|d | ||
| 082 | 0 | 4 | |a 709.04 |b VEN |2 21 |
| 100 | 0 | |a Venturi, Lionello |e author |9 372603 | |
| 245 | 1 | 0 | |a Cuatro pasos hacia el arte moderno: Giorgione, Caravaggio, Manet, Cézanne |
| 300 | |a 84 p | ||
| 942 | |c BK | ||
| 945 | |d 19961024 00:00:00 |a nastorga | ||
| 260 | |a Buenos Aires |b Nueva Vision |c 1960 | ||
| 600 | 0 | 7 | |a CEZANNE, PAUL |2 CL-VaPUC |9 267026 |
| 600 | 0 | |a Caravaggio, Michelangelo Merisi da |d 1571-1610 |9 352672 | |
| 600 | 0 | |a Manet, Édouard, |d 1832-1883 |9 266094 | |
| 650 | 0 | |a Arte moderno |9 265333 | |
| 650 | 0 | |a Pintura moderna |9 265600 | |
| 583 | |a last modification |c 20140530 03:08:26 |k Rodrigo Vera | ||
| 490 | 0 | |a Colección Estética, 13 | |
| 999 | |c 253229 |d 253227 | ||
| 952 | |0 0 |1 0 |4 0 |6 709_040000000000000_VEN_1960 |7 0 |8 A |9 273889 |a BIBARQ |b BIBARQ |d 2019-11-19 |i 3245357 |o 709.04 VEN 1960 |p 3245357 |r 2025-01-20 |w 2019-11-19 |y BK |k ARQ | ||
| 952 | |0 0 |1 0 |3 erb |4 0 |6 709_040000000000000_VEN_1960 |7 0 |8 A |9 273890 |a BIBART |b BIBART |i 5056691 |l 2 |o 709.04 VEN 1960 |p 5056691 |r 2025-03-13 |s 2023-11-27 |w 2019-11-19 |y BK |z Catalogado en:20140605 |k ART | ||